| 000 | 00914nam a2200217 a 4500 | ||
|---|---|---|---|
| 001 | BRCA_527 | ||
| 005 | 20190320203040.0 | ||
| 008 | 000512s1999 sp-a---##b---s000-0#spa-# | ||
| 020 | _a8436932064 | ||
| 040 |
_aDLC _cDLC |
||
| 050 | 4 |
_aNK4210.B9 _b.M36 1999 |
|
| 245 | 1 | 0 |
_aManufactura del Buen Retiro _b1760-1808. |
| 260 |
_aMadrid _bMuseo Arqueológico Nacional : Ministerio de Educación y Cultura : Comunidad de Madrid _c1999 |
||
| 300 |
_a543 p. (+ 1 folleto) _bil. (algunas a color) _c30 cm. |
||
| 500 | _aIncluye ´Relación de artifices que trabajaron en la manufactura´ | ||
| 500 | _aCatálogo de la exposición realizada en el Museo Arqueológico Nacional, Madrid, 1999 | ||
| 504 | _aBibliografía: p. 535-543 | ||
| 650 | 1 | 4 |
_aReal Fábrica de Porcelana del Buen Retiro (España) _vExposiciones _xHistoria _91819 |
| 650 | 1 | 4 |
_aPorcelana española _vExposiciones _ySiglo XVIII _zEspaña _91820 |
| 942 |
_2lcc _cB |
||
| 999 |
_c459 _d459 |
||